00604nam a22002057a 450000500170000001000130001702000100003003500130004003700160005304000120006908200130008110000220009424500640011626000520018027000410023230000260027350000210029965000500032065000280037020170124110119.0 aA-370508 c00.00 aA-370508 bCen Lib/Ret aDPLbEN a921bNEH aNehru, Jawaharlal aJawaharlal Nehru :cby Jawaharlal Nehruban autobiography / aNew DelhibJawaharlal Nehru Memorial Fundc1988 aTeen, Murti HousebNew Delhie110001 axvi,623p. c20cm(Hb) aIncludes index  aIndia -- Politics and government -- 1919-1947 aPolitics and government